| 000 | 00887cam a2200265 a 4500 | ||
|---|---|---|---|
| 999 |
_c7367 _d7367 |
||
| 001 | 7367 | ||
| 003 | BD-JhCC | ||
| 005 | 20180212104349.0 | ||
| 008 | 000223s1999 enka b 001 0 eng d | ||
| 020 | _a0750920254 | ||
| 035 | _a(BD-JhCC) 7367 | ||
| 040 |
_aUKM _cUKM _dDLC _dBD-JhCC |
||
| 041 | _aeng | ||
| 050 | 0 | 0 |
_aDA375 _b.W48 1999 |
| 082 | 0 | 0 |
_a942.06 _221 _bANG 1960 |
| 100 | 1 | _aAngle, Paul M. | |
| 245 | 1 | 4 |
_aThe making of a world power : _bvolume four selections from the American reader / _cPaul M. Angle, |
| 260 |
_aStroud : _bSutton, _c1999. |
||
| 300 |
_a223 p. : _bill. ; _c18 cm. |
||
| 504 | _aIncludes bibliographical references (p. 263-277) and index. | ||
| 651 | 0 |
_aGreat Britain _xHistory _yStuarts, 1603-1714. |
|
| 651 | 0 |
_aGreat Britain _xHistory, Military _y1603-1714. |
|
| 856 | 4 | 2 |
_3Book review (H-Net) _uhttp://www.h-net.org/review/hrev-a0b4x9-aa |
| 942 |
_2ddc _cBK |
||